Statistiques concernant Tous les pokémon de Bastien

Cliquez ici pour prendre le quiz!

Statistiques générales

  • Ce quiz a été pris 21 fois
  • Le résultat moyen est 11 sur 13

Statistiques - réponses

HintRéponse% Correct
Rubis & SaphirMachoc
100%
Charmina
93%
Hariyama
93%
Makuhita
93%
Kapoera
86%
Kicklee
86%
Mackogneur
86%
EmeraudeMéditikka
86%
Tygnon
86%
Noir2 & Blanc2Chapignon
79%
Baggaid
64%
Scarhino
64%
Shaofouine
64%

Distribution des résultats

Percentile par nombre de réponses

% des personnes avec chaque résultat

Votre développement - résultats

Vous n’avez pas pris ce quiz